| 000 | 00436nam a2200109Ia 4500 | ||
|---|---|---|---|
| 008 | 200911s9999 xx 000 0 und d | ||
| 020 | _a978-971-542-847-7 | ||
| 100 | _aAncheta, Maria Rohodora G. | ||
| 245 |
_cMaria Rhodora G. Ancheta.-- _aHalakhak : _bNational humor in Philippine popular cultural Forms / |
||
| 260 |
_aQuezon City : _bThe University of the Philippines Press _c2017 |
||
| 300 |
_axxviii , 279 pages : _billustration ; _c26 cm. |
||
| 999 |
_c364207 _d364207 |
||